00226 2200109 4500245002400000250001100024100001800035650001600053005001900069041001400088084001400102 aBUDAYA BETAWIhText aCet. 1 aBUDAYA BETAWI aKarya Siswa a20250424101009 aIndonesia a081 BUD b